| 000 | 00386nam a2200133Ia 4500 | ||
|---|---|---|---|
| 008 | 220217s9999 xx 000 0 und d | ||
| 245 | 0 | _aGlossary of conveyor terms and definitions | |
| 260 | _aNew Delhi | ||
| 260 |
_c1967 _bISI |
||
| 490 | _aConveyors,vertical hoists&bucket elev sec comEDC61 | ||
| 500 | _aStandard number: IS 4249 | ||
| 650 | _aConveyor terms glossary | ||
| 942 | _cST | ||
| 999 |
_c73773 _d73773 |
||